Thomas Hartley Crawford correspondence, (Record no. 40548)
[ view plain ]
| 000 -LEADER | |
|---|---|
| fixed length control field | 00969cpmaa2200265 4500 |
| 001 - CONTROL NUMBER | |
| control field | mm 79000944 |
| 003 - CONTROL NUMBER IDENTIFIER | |
| control field | DLC |
| 005 - DATE AND TIME OF LATEST TRANSACTION | |
| control field | 20260227111633.0 |
| 008 - FIXED-LENGTH DATA ELEMENTS--GENERAL INFORMATION | |
| fixed length control field | 790413|||||||||||| eng |
| 010 ## - LIBRARY OF CONGRESS CONTROL NUMBER | |
| LC control number | mm 79000944 |
| 040 ## - CATALOGING SOURCE | |
| Original cataloging agency | DLC |
| Transcribing agency | DLC |
| Description conventions | dacs |
| Modifying agency | DLC |
| 072 #7 - SUBJECT CATEGORY CODE | |
| Subject category code | N |
| Source | lcmd |
| 100 1# - MAIN ENTRY--PERSONAL NAME | |
| Personal name | Crawford, Thomas Hartley, |
| Dates associated with a name | 1786-1863. |
| 245 00 - TITLE STATEMENT | |
| Title | Thomas Hartley Crawford correspondence, |
| Inclusive dates | 1848. |
| 300 ## - PHYSICAL DESCRIPTION | |
| Extent | 1 |
| Type of unit | item. |
| 506 0# - RESTRICTIONS ON ACCESS NOTE | |
| Terms governing access | Open to research. |
| 545 0# - BIOGRAPHICAL OR HISTORICAL DATA | |
| Biographical or historical data | U.S. representative from Pennsylvania, U.S. commissioner of Indian affairs, and jurist. |
| 546 ## - LANGUAGE NOTE | |
| Language note | Collection material in English. |
| 580 ## - LINKING ENTRY COMPLEXITY NOTE | |
| Linking entry complexity note | Forms part of: Miscellaneous Manuscripts collection. |
| 656 #7 - INDEX TERM--OCCUPATION | |
| Occupation | Jurists. |
| Source of term | itoamc |
| 656 #7 - INDEX TERM--OCCUPATION | |
| Occupation | Public officials. |
| Source of term | itoamc |
| 656 #7 - INDEX TERM--OCCUPATION | |
| Occupation | Representatives, U.S. Congress |
| Geographic subdivision | Pennsylvania. |
| Source of term | itoamc |
No items available.